| 000 | 00732nam a22002177a 4500 | ||
|---|---|---|---|
| 003 | OSt | ||
| 005 | 20251128150224.0 | ||
| 008 | 251128b |||||||| |||| 00| 0 eng d | ||
| 020 | _a978-971-9451-303 | ||
| 040 |
_aDWC-Main lib. _cOC |
||
| 082 | _aSC. 959.904 C834i 2009 | ||
| 100 | _aCoscolluela, Celeste Flores | ||
| 245 |
_aIndie: defying the odds, redefining politics : _ba campaign narrative/ _cCeleste Flores Coscolluela |
||
| 260 |
_a[Pasig City, Philippines ] : _bKilos ko foundation , _cc2009. |
||
| 300 |
_av, 85 pages : _billustrations ; _c21cm. |
||
| 650 | _a1. Politics campaign. | ||
| 650 | _a2. Philippines. | ||
| 650 | _a3. Politics and government. | ||
| 650 | _a4. Elections. | ||
| 942 |
_2ddc _cSC _kSC. _n0 |
||
| 999 |
_c6574 _d6574 |
||